[Event "DEM U12 2005"]
[Site "Willingen GER"]
[Date "2005.05.16"]
[Round "3"]
[White "Saak, Saskia"]
[Black "Stitterich, Nadine"]
[Result "1/2-1/2"]
[Termination "normal"]
[Board "43"]
[WhiteElo "1167"]
[BlackElo "1301"]
[PlyCount "64"]
[BlackFideId "24676527"]
[EventCountry "GER"]
[EventRounds "11"]
[EventType "swiss"]
[EventDate "2005.05.15"]

1. e4 e5 2. Nf3 Nc6 3. Bc4 Be7 4. d4 d6 5. dxe5 Nxe5 6. Bb3 Nf6 7. Nxe5 dxe5 8.
Qxd8+ Bxd8 9. Nc3 O-O 10. f3 h6 11. O-O c6 12. Be3 Ba5 13. Ne2 b6 14. Rad1 Ba6
15. Rf2 Rad8 16. c3 Ra8 17. Bc2 b5 18. b4 Bc7 19. Bb3 Bb7 20. Rff1 a5 21. Bc5
Rfe8 22. Ng3 axb4 23. cxb4 Ra6 24. Nf5 Bb6 25. Nd6 Bxc5+ 26. bxc5 Re7 27. Nxb7
Rxb7 28. Rd8+ Kh7 29. Re1 Raa7 30. Rc8 Rc7 31. Rxc7 Rxc7 32. a4 bxa4 1/2-1/2

[Event "DEM U12 2005"]
[Site "Willingen GER"]
[Date "2005.05.16"]
[Round "3"]
[White "Micklich, Rahel"]
[Black "Rau, Carla"]
[Result "1-0"]
[Termination "normal"]
[Board "44"]
[WhiteElo "1294"]
[BlackElo "1063"]
[PlyCount "61"]
[WhiteFideId "24639184"]
[EventCountry "GER"]
[EventRounds "11"]
[EventType "swiss"]
[EventDate "2005.05.15"]

1. d4 d5 2. c4 e6 3. Nc3 Nf6 4. Bg5 Nbd7 5. Nf3 c6 6. e3 Qa5 7. a3 Ne4 8. Qb3
dxc4 9. Qa4 Qxa4 10. Nxa4 b5 11. Nc3 Nxg5 12. Nxg5 Be7 13. Nf3 O-O 14. a4 Bb4
15. Be2 Nf6 16. O-O Bxc3 17. bxc3 Ne4 18. Rfc1 Bb7 19. Rab1 a6 20. Bxc4 Nd6 21.
Bb3 Rab8 22. axb5 cxb5 23. Ne5 Rfd8 24. c4 f6 25. Nd3 bxc4 26. Bxc4 Rdc8 27.
Bxe6+ Kf8 28. Bxc8 Nxc8 29. Nc5 Nd6 30. Nd7+ Ke7 31. Nxb8 1-0

[Event "DEM U12 2005"]
[Site "Willingen GER"]
[Date "2005.05.16"]
[Round "3"]
[White "von Wardenburg, Jendrik"]
[Black "Garny, Annica"]
[Result "0-1"]
[Termination "normal"]
[Board "45"]
[WhiteElo "965"]
[BlackElo "1259"]
[PlyCount "34"]
[BlackFideId "24600660"]
[EventCountry "GER"]
[EventRounds "11"]
[EventType "swiss"]
[EventDate "2005.05.15"]

1. e4 e5 2. Nf3 Nc6 3. Bc4 Bc5 4. c3 Nf6 5. d4 exd4 6. cxd4 Bb4+ 7. Bd2 Nxe4 8.
Bxb4 Nxb4 9. Bxf7+ Kxf7 10. Qb3+ d5 11. Qxb4 Re8 12. O-O Qf6 13. Re1 b6 14. Qb5
c6 15. Ne5+ Rxe5 16. dxe5 Qxf2+ 17. Kh1 Qxe1+ 0-1

[Event "DEM U12 2005"]
[Site "Willingen GER"]
[Date "2005.05.16"]
[Round "3"]
[White "Zimmerer, Leah"]
[Black "Thiele, Eileen"]
[Result "1-0"]
[Termination "normal"]
[Board "46"]
[WhiteElo "1243"]
[BlackElo "929"]
[PlyCount "69"]
[WhiteFideId "4620240"]
[EventCountry "GER"]
[EventRounds "11"]
[EventType "swiss"]
[EventDate "2005.05.15"]

1. d4 d5 2. Bf4 Bf5 3. e3 Nf6 4. Nf3 c6 5. c3 g6 6. Nbd2 Nbd7 7. Be2 Bg7 8. h3
Ne4 9. O-O O-O 10. Bh2 Nxd2 11. Qxd2 Re8 12. Nh4 Be6 13. f4 Nf6 14. f5 Bd7 15.
g4 Ne4 16. Qc2 e6 17. f6 Bxf6 18. Nf3 Bh4 19. Bd3 Ng3 20. Rf2 h5 21. Rg2 hxg4
22. hxg4 Ne4 23. Bxe4 dxe4 24. Qxe4 Bf6 25. g5 Bg7 26. Ne5 Kf8 27. Rf1 f6 28.
gxf6 Bxf6 29. Qxg6 Ke7 30. Qxf6+ Kd6 31. Nf7+ Kd5 32. Nxd8 Raxd8 33. Qe5+ Kc4
34. e4 b6 35. Qh5 {Es folgte 35. ... Kb5 36. De2+ Ka5 37. b4+ Ka4 38.Da6#} 1-0

[Event "DEM U12 2005"]
[Site "Willingen GER"]
[Date "2005.05.16"]
[Round "3"]
[White "Thewes, Anna Christina"]
[Black "Gheng, Hannelore"]
[Result "0-1"]
[Termination "normal"]
[Board "47"]
[WhiteElo "918"]
[BlackElo "1233"]
[PlyCount "92"]
[EventCountry "GER"]
[EventRounds "11"]
[EventType "swiss"]
[EventDate "2005.05.15"]

1. e4 c5 2. Nf3 d6 3. d4 cxd4 4. Nxd4 Nf6 5. Nc3 g6 6. Be2 Bg7 7. Be3 O-O 8.
Qd2 Ng4 9. Bxg4 Bxg4 10. Bh6 Nc6 11. Bxg7 Kxg7 12. Nxc6 bxc6 13. f3 Be6 14.
O-O-O Qa5 15. Kb1 Rab8 16. g4 Qb4 17. b3 a5 18. Qd4+ f6 19. Qxb4 Rxb4 20. Kb2
Rfb8 21. Ka3 c5 22. Rb1 c4 23. Rb2 g5 24. Rhb1 cxb3 25. axb3 Rc8 26. Na2 Rd4
27. c4 Rd3 28. Rf1 Rxc4 29. Nc1 Rdc3 30. Ka2 Rxc1 31. bxc4 Bxc4+ 32. Ka3 Rxf1
33. Rb7 Rxf3+ 34. Ka4 Kf7 35. Kxa5 Ra3+ 36. Kb6 Rb3+ 37. Kc7 Rxb7+ 38. Kxb7 d5
39. exd5 Bxd5+ 40. Kb6 e5 41. Kc5 e4 42. Kd4 Ke6 43. h3 Kd6 44. Ke3 Kc5 45. Ke2
Kd4 46. h4 gxh4 0-1

[Event "DEM U12 2005"]
[Site "Willingen GER"]
[Date "2005.05.16"]
[Round "3"]
[White "Kormann, Jewgenija"]
[Black "Vyelina, Valeriya"]
[Result "1-0"]
[Termination "normal"]
[Board "48"]
[WhiteElo "1210"]
[BlackElo "885"]
[PlyCount "115"]
[WhiteFideId "24606669"]
[BlackFideId "24677345"]
[EventCountry "GER"]
[EventRounds "11"]
[EventType "swiss"]
[EventDate "2005.05.15"]

1. e4 e5 2. Nf3 Nc6 3. Nc3 Nf6 4. Bb5 a6 5. Bxc6 dxc6 6. d3 h6 7. Nxe5 Bc5 8.
h3 Qd4 9. Qf3 Qxe5 10. Bf4 Qe7 11. O-O Be6 12. e5 Nd5 13. Nxd5 Bxd5 14. Qg4 f6
15. exf6 Qxf6 16. c4 Be6 17. Rae1 Kf7 18. Rxe6 Qxe6 19. Qh5+ Qg6 20. Qxc5 Rhe8
21. Bxc7 Re7 22. Qb6 Qxd3 23. b3 Rae8 24. Rc1 Re1+ 25. Rxe1 Rxe1+ 26. Kh2 Re2
27. Qxb7 Qd7 28. Qa7 Re1 29. Qb6 g5 30. Qa5 Rf1 31. Bg3 Kg6 32. Qxa6 h5 33. c5
h4 34. Qxf1 hxg3+ 35. fxg3 Qd5 36. Qb1+ Kf6 37. b4 Ke5 38. Qb2+ Ke4 39. a3 Ke3
40. Qc3+ Ke2 41. Qf3+ Qxf3 42. gxf3 Kxf3 43. b5 cxb5 44. c6 g4 45. hxg4 Ke3 46.
c7 Kd3 47. c8=Q Kd4 48. Qb7 Kc4 49. g5 b4 50. Qxb4+ Kd5 51. Qe7 Kc4 52. g6 Kb3
53. g7 Kc2 54. g8=R Kd2 55. Rd8+ Kc2 56. Qe3 Kb2 57. Rd2+ Kc1 58. Qe1# 1-0

[Event "DEM U12 2005"]
[Site "Willingen GER"]
[Date "2005.05.16"]
[Round "3"]
[White "Rogasch, Miriam"]
[Black "Mytyukova, Yevgeniya"]
[Result "1-0"]
[Termination "normal"]
[Board "49"]
[WhiteElo "774"]
[BlackElo "1201"]
[PlyCount "109"]
[WhiteFideId "4616324"]
[EventCountry "GER"]
[EventRounds "11"]
[EventType "swiss"]
[EventDate "2005.05.15"]

1. e4 e5 2. Nf3 Nc6 3. Nc3 d6 4. d4 exd4 5. Nxd4 Nxd4 6. Qxd4 Nf6 7. Bc4 Be7 8.
O-O O-O 9. Qe3 Bg4 10. h3 Bh5 11. Bd3 Bg6 12. Bd2 Re8 13. Rfe1 Bf8 14. Qd4 Nd7
15. Bf4 c5 16. Qd5 Qc7 17. Nb5 Qb8 18. Bxd6 Bxd6 19. Nxd6 Re5 20. Qxb7 Qxb7 21.
Nxb7 Rb8 22. f4 Rh5 23. Nd6 Rxb2 24. f5 Rb6 25. Nc4 Rc6 26. fxg6 Rxg6 27. e5
Rg3 28. e6 fxe6 29. Rxe6 Nf6 30. Kf2 Rhg5 31. Ne3 Kf7 32. Bf5 g6 33. Bg4 Nh5
34. Re4 Kf6 35. h4 Re5 36. Rxe5 Kxe5 37. Bxh5 Rxe3 38. Kxe3 gxh5 39. Rd1 Kf5
40. Kf3 Ke5 41. Rd7 a5 42. c4 Ke6 43. Rd5 a4 44. Rxc5 Kd6 45. Rc8 a3 46. Ke4 h6
47. Kd4 Ke6 48. Rd8 Kf6 49. Rd5 Kg6 50. c5 Kf7 51. c6 Ke7 52. c7 Kf7 53. c8=Q
Kg7 54. Qc6 Kf8 55. Rd7 1-0

[Event "DEM U12 2005"]
[Site "Willingen GER"]
[Date "2005.05.16"]
[Round "4"]
[White "Graf, Felix"]
[Black "Günnigmann, Manuel"]
[Result "1-0"]
[Termination "normal"]
[Board "1"]
[WhiteElo "2152"]
[BlackElo "1625"]
[PlyCount "61"]
[WhiteFideId "24608904"]
[BlackFideId "24640360"]
[EventCountry "GER"]
[EventRounds "11"]
[EventType "swiss"]
[EventDate "2005.05.15"]

1. d4 Nf6 2. c4 d6 3. Nc3 Nbd7 4. e4 e5 5. d5 Be7 6. Bd3 c6 7. h3 O-O 8. Be3
cxd5 9. cxd5 a6 10. b4 b5 11. Nge2 Nb6 12. g4 Ne8 13. Qd2 Bd7 14. Ng3 Rc8 15.
O-O Nc4 16. Bxc4 Rxc4 17. Nce2 Qb8 18. Rfc1 Rxc1+ 19. Rxc1 Bd8 20. Rc2 Bb6 21.
Nf5 Bxe3 22. Qxe3 Bxf5 23. gxf5 Nf6 24. Rc6 Rc8 25. Nc3 Rc7 26. Rxa6 Qc8 27.
Rxd6 Ne8 28. Rc6 Rxc6 29. dxc6 Qxc6 30. Qc5 Qh6 31. Qxe5 1-0

[Event "DEM U12 2005"]
[Site "Willingen GER"]
[Date "2005.05.16"]
[Round "4"]
[White "Zelbel, Patrick"]
[Black "Osmanodja, Bilgin"]
[Result "1-0"]
[Termination "normal"]
[Board "2"]
[WhiteElo "1927"]
[BlackElo "1574"]
[PlyCount "119"]
[WhiteFideId "24624322"]
[EventCountry "GER"]
[EventRounds "11"]
[EventType "swiss"]
[EventDate "2005.05.15"]

1. e4 c5 2. c3 Nf6 3. e5 Nd5 4. d4 cxd4 5. Nf3 Nc6 6. cxd4 d6 7. exd6 Qxd6 8.
Nc3 Nxc3 9. bxc3 Bg4 10. Be2 e6 11. O-O Be7 12. h3 Bh5 13. Qb3 b6 14. Qb5 Bxf3
15. Bxf3 Rc8 16. a4 Qd7 17. Bf4 O-O 18. a5 Nb8 19. Qxd7 Nxd7 20. axb6 Nxb6 21.
Rxa7 Bf6 22. Bd6 Rfe8 23. Bc5 Nd5 24. c4 Nf4 25. Bb7 Rc7 26. Bf3 Rxa7 27. Bxa7
Rc8 28. Rb1 Kf8 29. Rb8 Rxb8 30. Bxb8 Nd3 31. c5 Bxd4 32. c6 Bxf2+ 33. Kf1 Bb6
34. c7 Bxc7 35. Bxc7 g6 36. Be2 Nb2 37. Bb5 Nd1 38. Ba5 Ne3+ 39. Kf2 Nd5 40.
Bc6 Nf4 41. Bc7 Nh5 42. Be5 f5 43. Ke3 Kf7 44. Bf3 Nf6 45. Kd4 g5 46. Bd6 h5
47. Be2 g4 48. h4 Ne4 49. Bf4 Nf6 50. Ke5 Nd5 51. Bd2 Ne7 52. Kf4 Kg6 53. Bc4
e5+ 54. Kxe5 Nc6+ 55. Kf4 Ne7 56. Bc3 Kh6 57. Bf6 Ng6+ 58. Kxf5 g3 59. Bf7 Nf8
60. Bg5+ 1-0

[Event "DEM U12 2005"]
[Site "Willingen GER"]
[Date "2005.05.16"]
[Round "4"]
[White "Hager, Joshua Aarash"]
[Black "Kaphle, Stephan"]
[Result "0-1"]
[Termination "normal"]
[Board "3"]
[WhiteElo "1632"]
[BlackElo "1954"]
[PlyCount "56"]
[WhiteFideId "24642789"]
[BlackFideId "24629103"]
[EventCountry "GER"]
[EventRounds "11"]
[EventType "swiss"]
[EventDate "2005.05.15"]

1. c4 Nf6 2. Nf3 c5 3. b3 d5 4. g3 Nc6 5. Bb2 d4 6. d3 e5 7. Bg2 Bd6 8. O-O Be6
9. Nbd2 Qd7 10. Ng5 Bf5 11. Nge4 O-O-O 12. Nxd6+ Qxd6 13. a3 h5 14. Qc2 h4 15.
Rfc1 hxg3 16. hxg3 Ng4 17. Nf3 Rh5 18. Qd2 Rdh8 19. b4 g5 20. b5 Qh6 21. Nh4
Nd8 22. f3 Ne3 23. Nxf5 Nxf5 24. Kf2 Rh2 25. Rh1 Qh3 26. Rxh2 Qxg3+ 27. Kg1
Qxh2+ 28. Kf1 Ne3+ 0-1

[Event "DEM U12 2005"]
[Site "Willingen GER"]
[Date "2005.05.16"]
[Round "4"]
[White "Petermann, Michail"]
[Black "Grimm, Pascal"]
[Result "1/2-1/2"]
[Termination "normal"]
[Board "4"]
[WhiteElo "1551"]
[BlackElo "1838"]
[PlyCount "64"]
[WhiteFideId "24643530"]
[BlackFideId "24620122"]
[EventCountry "GER"]
[EventRounds "11"]
[EventType "swiss"]
[EventDate "2005.05.15"]

1. Nf3 g6 2. c4 Bg7 3. g3 d6 4. Bg2 Nc6 5. d3 e5 6. Nc3 f5 7. a3 h6 8. Qc2 Nf6
9. Rb1 O-O 10. Bd2 Be6 11. O-O Qd7 12. b4 g5 13. e3 f4 14. b5 Nd8 15. Ne1 Bh3
16. d4 Bxg2 17. Kxg2 Nh7 18. d5 Qf7 19. f3 Nf6 20. Ne4 fxe3 21. Nxf6+ Qxf6 22.
Bxe3 b6 23. a4 a5 24. Nd3 Qg6 25. Ne1 Qxc2+ 26. Nxc2 Nf7 27. Bd2 Nh8 28. Rbe1
Rf7 29. Ne3 Raf8 30. g4 Ng6 31. Nf5 Kh7 32. Kg3 Ne7 1/2-1/2

[Event "DEM U12 2005"]
[Site "Willingen GER"]
[Date "2005.05.16"]
[Round "4"]
[White "Müller, Tobias"]
[Black "Wang, Zhangxian"]
[Result "0-1"]
[Termination "normal"]
[Board "5"]
[WhiteElo "1493"]
[BlackElo "1734"]
[PlyCount "92"]
[WhiteFideId "24643394"]
[EventCountry "GER"]
[EventRounds "11"]
[EventType "swiss"]
[EventDate "2005.05.15"]

1. e4 c6 2. d4 d5 3. exd5 cxd5 4. Bd3 Nc6 5. c3 g6 6. Bf4 Bg7 7. Nf3 Nf6 8. h3
O-O 9. O-O Bf5 10. Bxf5 gxf5 11. Nbd2 e6 12. Ne5 Rc8 13. Bg5 Qc7 14. Bxf6 Bxf6
15. Nxc6 bxc6 16. Nf3 Kh8 17. Qc2 Rg8 18. Kh1 Rg7 19. Rg1 Rcg8 20. Qe2 Qd6 21.
Rac1 Qf4 22. Qd2 Qd6 23. Qe2 Bd8 24. Qe5 Qe7 25. Qe2 Bc7 26. Rce1 c5 27. dxc5
Qxc5 28. Qe3 Qd6 29. Qe5 Qd7 30. Qe2 Bb6 31. Ne5 Qc8 32. Nf3 Re8 33. Rgf1 f6
34. Qb5 Reg8 35. g3 f4 36. g4 h5 37. Nh2 hxg4 38. Nxg4 e5 39. f3 Rh7 40. Kh2 e4
41. Qxd5 exf3 42. Qxf3 Rxg4 43. Re8+ Qxe8 44. Qxg4 Rg7 45. Qh4+ Kg8 46. Qxf6
Qe2+ 0-1

[Event "DEM U12 2005"]
[Site "Willingen GER"]
[Date "2005.05.16"]
[Round "4"]
[White "Bochis, Julia"]
[Black "Endress, Anna"]
[Result "0-1"]
[Termination "normal"]
[Board "6"]
[WhiteElo "1461"]
[BlackElo "1725"]
[PlyCount "52"]
[WhiteFideId "24647276"]
[BlackFideId "24629472"]
[EventCountry "GER"]
[EventRounds "11"]
[EventType "swiss"]
[EventDate "2005.05.15"]

1. Nf3 d5 2. c4 e6 3. g3 Nf6 4. Bg2 Be7 5. b3 c5 6. Bb2 O-O 7. O-O Nc6 8. d3 b6
9. Nbd2 Bb7 10. Rc1 Rc8 11. cxd5 Nxd5 12. d4 cxd4 13. Nxd4 Nxd4 14. Bxd4 Qd7
15. Nc4 Rfd8 16. Bb2 Qe8 17. Nd2 Bc5 18. a3 Ne3 19. fxe3 Bxe3+ 20. Kh1 Bxg2+
21. Kxg2 Rxd2 22. Rxc8 Qxc8 23. Qa1 Qc6+ 24. Kh3 Rxe2 25. Bxg7 Qg2+ 26. Kg4 f5+
0-1

[Event "DEM U12 2005"]
[Site "Willingen GER"]
[Date "2005.05.16"]
[Round "4"]
[White "Zimmermann, Gordon"]
[Black "Boos, Philipp"]
[Result "1-0"]
[Termination "normal"]
[Board "7"]
[WhiteElo "1686"]
[BlackElo "1586"]
[PlyCount "61"]
[WhiteFideId "24624330"]
[EventCountry "GER"]
[EventRounds "11"]
[EventType "swiss"]
[EventDate "2005.05.15"]

1. e4 e5 2. Nf3 Nf6 3. Nxe5 d6 4. Nf3 Nxe4 5. Nc3 Nxc3 6. dxc3 Be7 7. Bf4 Nc6
8. Bd3 Bg4 9. Qe2 Qd7 10. h3 Bh5 11. O-O-O O-O-O 12. Bb5 Rhe8 13. Qd3 Bg6 14.
Qd5 Bf6 15. Qb3 Re4 16. Be3 Kb8 17. Nd2 Re5 18. Nc4 Re7 19. f3 Rde8 20. Bxa7+
Kxa7 21. Qa4+ Kb8 22. Na5 Bg5+ 23. Kb1 Re2 24. Bxe2 Rxe2 25. Qb5 Nxa5 26. Qxd7
Rxc2 27. Qe8+ Ka7 28. Ka1 f6 29. Qa4 b6 30. f4 Bh4 31. f5 1-0

[Event "DEM U12 2005"]
[Site "Willingen GER"]
[Date "2005.05.16"]
[Round "4"]
[White "Mohr, Fides"]
[Black "Lobmeyer, Fabian"]
[Result "0-1"]
[Termination "normal"]
[Board "8"]
[WhiteElo "1476"]
[BlackElo "1616"]
[PlyCount "50"]
[BlackFideId "24659681"]
[EventCountry "GER"]
[EventRounds "11"]
[EventType "swiss"]
[EventDate "2005.05.15"]

1. d4 Nf6 2. c4 e6 3. Nc3 Bb4 4. Qc2 c5 5. dxc5 Na6 6. a3 Bxc3+ 7. Qxc3 Nxc5 8.
Nf3 d5 9. cxd5 b6 10. dxe6 Bxe6 11. e3 O-O 12. Be2 Rc8 13. b4 Nb3 14. Qb2 Nxa1
15. Qxa1 Qc7 16. O-O Bg4 17. Bb2 Qe7 18. Re1 Rfd8 19. h3 Be6 20. Nd4 Rd7 21.
Ba6 Rcd8 22. Rc1 Bd5 23. Bb5 Rc7 24. Nf5 Rxc1+ 25. Qxc1 Qe4 0-1

[Event "DEM U12 2005"]
[Site "Willingen GER"]
[Date "2005.05.16"]
[Round "4"]
[White "Specht, Christian"]
[Black "Aslan, Benjamin"]
[Result "1-0"]
[Termination "normal"]
[Board "9"]
[WhiteElo "1568"]
[BlackElo "1507"]
[PlyCount "43"]
[WhiteFideId "24647985"]
[BlackFideId "24640298"]
[EventCountry "GER"]
[EventRounds "11"]
[EventType "swiss"]
[EventDate "2005.05.15"]

1. e4 d6 2. d4 Nf6 3. Nc3 g6 4. f4 Bg7 5. Nf3 c5 6. Bb5+ Bd7 7. Bxd7+ Nfxd7 8.
d5 b5 9. O-O Qb6 10. Kh1 Na6 11. Qe1 Nc7 12. Qh4 b4 13. Nd1 Nb5 14. e5 dxe5 15.
fxe5 Nxe5 16. Nxe5 Bxe5 17. Qe4 Qd6 18. Ne3 f5 19. Qd3 Rb8 20. Nc4 Qf6 21. Nxe5
Qxe5 22. Bf4 1-0

[Event "DEM U12 2005"]
[Site "Willingen GER"]
[Date "2005.05.16"]
[Round "4"]
[White "Schäfer, Alexander"]
[Black "Ohnmacht, Simon"]
[Result "1-0"]
[Termination "normal"]
[Board "10"]
[WhiteElo "2035"]
[BlackElo "1516"]
[PlyCount "111"]
[WhiteFideId "24615196"]
[BlackFideId "24672980"]
[EventCountry "GER"]
[EventRounds "11"]
[EventType "swiss"]
[EventDate "2005.05.15"]

1. d4 d6 2. c4 c6 3. Nc3 Nf6 4. Bg5 e6 5. e3 Be7 6. Nf3 O-O 7. Bd3 d5 8. Qc2 h6
9. Bh4 Nbd7 10. O-O dxc4 11. Bxc4 Nb6 12. Bd3 Nfd5 13. Bxe7 Qxe7 14. a3 c5 15.
Nxd5 Nxd5 16. Qxc5 Qxc5 17. dxc5 Bd7 18. Rac1 Rac8 19. Ne5 Ba4 20. b4 Rc7 21.
Rfe1 Rfc8 22. Nc4 Bb5 23. Ne5 Bxd3 24. Nxd3 b6 25. cxb6 Rxc1 26. Rxc1 Rxc1+ 27.
Nxc1 Nxb6 28. Kf1 Kf8 29. Ke2 Ke7 30. Kd3 Kd6 31. Ne2 g6 32. Nc3 h5 33. Nb5+
Ke5 34. Nxa7 f5 35. Nc6+ Kf6 36. Kc3 g5 37. Kb3 f4 38. exf4 gxf4 39. a4 e5 40.
a5 Nd5 41. Kc4 Ke6 42. Nd8+ Kd6 43. Nf7+ Ke6 44. Ng5+ Kd6 45. Ne4+ Ke6 46. b5
Nc7 47. b6 Na6 48. Nc5+ Nxc5 49. Kxc5 e4 50. b7 e3 51. fxe3 fxe3 52. b8=Q Kf5
53. Kd4 e2 54. Qe5+ Kg4 55. h3+ Kh4 56. Qf4# 1-0

[Event "DEM U12 2005"]
[Site "Willingen GER"]
[Date "2005.05.16"]
[Round "4"]
[White "Friedrich, Wiede"]
[Black "Hartmann, Nicolas"]
[Result "1/2-1/2"]
[Termination "normal"]
[Board "11"]
[WhiteElo "1739"]
[BlackElo "1474"]
[PlyCount "103"]
[WhiteFideId "24629537"]
[BlackFideId "24626481"]
[EventCountry "GER"]
[EventRounds "11"]
[EventType "swiss"]
[EventDate "2005.05.15"]

1. e4 c5 2. Nf3 Nc6 3. d4 cxd4 4. Nxd4 g6 5. Nc3 Bg7 6. Be3 Nf6 7. Bc4 O-O 8.
O-O Nxe4 9. Nxe4 d5 10. Nxc6 bxc6 11. Bd3 dxe4 12. Bxe4 Qc7 13. c3 Rb8 14. Qc2
f5 15. Bd3 e5 16. Bc4+ Kh8 17. b4 Re8 18. Rfd1 Be6 19. Bxe6 Rxe6 20. Qa4 Re7
21. Bc5 Rd7 22. Rxd7 Qxd7 23. Rd1 Qf7 24. Qxa7 Qxa7 25. Bxa7 Ra8 26. Bc5 Kg8
27. Rd2 Ra3 28. Rc2 Kf7 29. Kf1 Ke6 30. Ke2 e4 31. c4 Kd7 32. Kd1 Kc7 33. Kc1
Kd7 34. Kb1 Kc7 35. Re2 Rc3 36. Rc2 Ra3 37. Rd2 Rc3 38. Bd4 Bxd4 39. Rxd4 e3
40. fxe3 Rxe3 41. Rd2 Re4 42. Rc2 Kd6 43. a4 Re3 44. Kb2 Kc7 45. a5 g5 46. g3
f4 47. gxf4 gxf4 48. Rf2 f3 49. Kc2 Kd6 50. b5 cxb5 51. cxb5 Ra3 52. Kb2
1/2-1/2

[Event "DEM U12 2005"]
[Site "Willingen GER"]
[Date "2005.05.16"]
[Round "4"]
[White "Höfer, Michael"]
[Black "Kotainy, Jens"]
[Result "0-1"]
[Termination "normal"]
[Board "12"]
[WhiteElo "1507"]
[BlackElo "1624"]
[PlyCount "68"]
[WhiteFideId "24668850"]
[BlackFideId "24670499"]
[EventCountry "GER"]
[EventRounds "11"]
[EventType "swiss"]
[EventDate "2005.05.15"]

1. e4 c5 2. Nf3 Nc6 3. d4 cxd4 4. Nxd4 Nf6 5. Nc3 e5 6. Nb3 Bb4 7. Bd3 d5 8.
exd5 Nxd5 9. Bd2 Bxc3 10. Bxc3 Nxc3 11. bxc3 O-O 12. O-O Be6 13. Nc5 Qe7 14.
Ne4 Rfd8 15. Qe2 f5 16. Ng3 e4 17. Bc4 Ne5 18. Nxf5 Qf6 19. Bxe6+ Qxe6 20. Qxe4
Rf8 21. Nd4 Qf6 22. Qxb7 Kh8 23. Rae1 g5 24. Qc7 Rae8 25. Qxa7 h5 26. Qc5 Nd3
27. Qf5 Nxe1 28. Qxf6+ Rxf6 29. Nf3 Nxf3+ 30. gxf3 Rxf3 31. Ra1 Rxc3 32. a4
Rxc2 33. a5 Kg7 34. a6 Ra8 0-1

[Event "DEM U12 2005"]
[Site "Willingen GER"]
[Date "2005.05.16"]
[Round "4"]
[White "Wittke, Rene"]
[Black "Pantusenko, Valeria"]
[Result "1-0"]
[Termination "normal"]
[Board "13"]
[WhiteElo "1612"]
[BlackElo "1459"]
[PlyCount "67"]
[WhiteFideId "24640255"]
[BlackFideId "4662920"]
[EventCountry "GER"]
[EventRounds "11"]
[EventType "swiss"]
[EventDate "2005.05.15"]

1. e4 e5 2. Bc4 Nf6 3. d3 c6 4. Nc3 d5 5. exd5 cxd5 6. Bb3 Nc6 7. Bg5 Be6 8.
Bxf6 gxf6 9. Nge2 Bh6 10. Ng3 Qd7 11. Qf3 Bg5 12. Nxd5 Bxd5 13. Qxd5 Qxd5 14.
Bxd5 Nd4 15. Bb3 O-O 16. O-O Rac8 17. c3 Ne6 18. Nf5 Kh8 19. h4 Bf4 20. g3 Rcd8
21. gxf4 Nxf4 22. Bc2 Nxd3 23. Bxd3 Rxd3 24. Ne3 Rg8+ 25. Kh2 Rd2 26. b3 Rg6
27. a4 Rh6 28. Kh3 Rd3 29. Rad1 Rxc3 30. Kg4 Rg6+ 31. Kh5 Rxb3 32. Rd8+ Rg8 33.
Rfd1 Rxe3 34. Kh6 1-0

[Event "DEM U12 2005"]
[Site "Willingen GER"]
[Date "2005.05.16"]
[Round "4"]
[White "Wilke, Friedrich"]
[Black "Kartsev, Alexandr"]
[Result "0-1"]
[Termination "normal"]
[Board "14"]
[WhiteElo "1458"]
[BlackElo "1600"]
[PlyCount "70"]
[BlackFideId "24647110"]
[EventCountry "GER"]
[EventRounds "11"]
[EventType "swiss"]
[EventDate "2005.05.15"]

1. b3 d5 2. Bb2 c5 3. e3 e6 4. Nf3 Nf6 5. g3 Nbd7 6. Bg2 Bd6 7. O-O O-O 8. Na3
e5 9. Nb5 Bb8 10. d3 a6 11. Nc3 b5 12. Nd2 Bb7 13. Ne2 Qb6 14. c4 d4 15. Nf3
bxc4 16. exd4 cxd4 17. Nc1 cxd3 18. Nxd3 e4 19. Bxd4 Qb5 20. Nfe1 exd3 21. a4
Qb4 22. Qxd3 Bxg2 23. Nxg2 Be5 24. Bxe5 Nxe5 25. Qe3 Nfg4 26. Qe2 Qxb3 27. f4
Qd3 28. Qe1 Nf3+ 29. Rxf3 Qxf3 30. Ra2 Rfe8 31. Qc1 Ne3 32. Nh4 Qd1+ 33. Qxd1
Nxd1 34. Rd2 Nc3 35. Nf3 Nxa4 0-1

[Event "DEM U12 2005"]
[Site "Willingen GER"]
[Date "2005.05.16"]
[Round "4"]
[White "Kreutzer, Alexander"]
[Black "Stahnecker, Wieland"]
[Result "1/2-1/2"]
[Termination "normal"]
[Board "15"]
[WhiteElo "1442"]
[BlackElo "1576"]
[PlyCount "52"]
[WhiteFideId "24670685"]
[BlackFideId "4694481"]
[EventCountry "GER"]
[EventRounds "11"]
[EventType "swiss"]
[EventDate "2005.05.15"]

1. d4 Nf6 2. c4 e6 3. Nc3 Bb4 4. a3 Bxc3+ 5. bxc3 c5 6. Bg5 Nc6 7. Nf3 Qa5 8.
Qd3 cxd4 9. Bxf6 gxf6 10. Nxd4 Ne5 11. Qc2 Nxc4 12. e3 Ne5 13. g3 d5 14. Bg2
Bd7 15. Nf3 Nxf3+ 16. Bxf3 Rc8 17. Rc1 Qxa3 18. O-O Qa4 19. Qd2 Qc4 20. Rfd1
Ba4 21. Re1 Ke7 22. e4 dxe4 23. Rxe4 Qa6 24. Ra1 b5 25. c4 Qd6 26. Qa5 Qd7
1/2-1/2

[Event "DEM U12 2005"]
[Site "Willingen GER"]
[Date "2005.05.16"]
[Round "4"]
[White "Meyer, Stephan"]
[Black "Kusmierek, Kasper"]
[Result "1/2-1/2"]
[Termination "normal"]
[Board "17"]
[WhiteElo "1395"]
[BlackElo "1543"]
[PlyCount "89"]
[EventCountry "GER"]
[EventRounds "11"]
[EventType "swiss"]
[EventDate "2005.05.15"]

1. e4 e6 2. d4 d5 3. Nd2 c5 4. Ngf3 Nc6 5. exd5 exd5 6. Bb5 Nf6 7. dxc5 Bxc5 8.
Nb3 Bd6 9. Nbd4 Bd7 10. O-O O-O 11. c3 Qb6 12. Bd3 Qc7 13. Nb5 Qb8 14. Nxd6
Qxd6 15. Bg5 Ng4 16. h3 Nge5 17. Bf4 Rfe8 18. Nxe5 Nxe5 19. Re1 Re7 20. Qh5
Nxd3 21. Bxd6 Rxe1+ 22. Rxe1 Nxe1 23. Qe2 Re8 24. Be7 Nc2 25. Qxc2 Rxe7 26. Qb3
Bc6 27. c4 d4 28. f3 Rd7 29. Qd3 a6 30. b3 b5 31. Kf2 Rd8 32. g4 bxc4 33. bxc4
f6 34. Kg3 Kf7 35. h4 h6 36. f4 Ke7 37. g5 hxg5 38. hxg5 Ke6 39. Kg4 Rd6 40. c5
Rd5 41. Qxa6 Rxc5 42. Qc8+ Kd6 43. Qf8+ Kd5 44. Qd8+ Kc4 45. Qb6 1/2-1/2

[Event "DEM U12 2005"]
[Site "Willingen GER"]
[Date "2005.05.16"]
[Round "4"]
[White "Sancar, Kenan"]
[Black "Begeluri, Nino"]
[Result "1-0"]
[Termination "normal"]
[Board "18"]
[WhiteElo "1517"]
[BlackElo "1167"]
[PlyCount "95"]
[WhiteFideId "24647543"]
[EventCountry "GER"]
[EventRounds "11"]
[EventType "swiss"]
[EventDate "2005.05.15"]

1. e4 c5 2. Nf3 Nc6 3. d4 cxd4 4. Nxd4 e5 5. Nb5 d6 6. N1c3 a6 7. Na3 b5 8. Nd5
Be7 9. Be3 Rb8 10. Be2 Nf6 11. f3 Be6 12. O-O O-O 13. c3 Nd7 14. Qd3 Nc5 15.
Qd2 f5 16. b4 Nd7 17. Rad1 f4 18. Bf2 Bg5 19. Nxf4 Bxa2 20. Qxa2+ Kh8 21. Ne6
Qe7 22. Nxf8 Rxf8 23. Qd5 Ncb8 24. Qxd6 Qxd6 25. Rxd6 Bf6 26. Rfd1 Rf7 27. Ba7
h6 28. Nc2 Bg5 29. Kf2 Kh7 30. Ne3 Bxe3+ 31. Kxe3 Re7 32. Bxb8 Nxb8 33. Rb6 Nd7
34. Rb7 h5 35. Rdxd7 Rxd7 36. Rxd7 Kh6 37. f4 exf4+ 38. Kxf4 g6 39. h4 a5 40.
Bxb5 axb4 41. cxb4 g5+ 42. hxg5+ Kg6 43. Rd6+ Kg7 44. Kf5 Kf7 45. g6+ Kg7 46.
Rd7+ Kg8 47. Kf6 Kf8 48. Rd8# 1-0